Introduction to Spread Spectrum Communications
Bewaard in:
| Hoofdauteur: | |
|---|---|
| Formaat: | Boek |
| Taal: | Vietnamese |
| Gepubliceerd in: |
NOTNXB
1995
|
| Tags: |
Voeg label toe
Geen labels, Wees de eerste die dit record labelt!
|
| Thư viện lưu trữ: | Mạng thư viện Đại học Đà Nẵng |
|---|
| LEADER | 00593nam a2200265 4500 | ||
|---|---|---|---|
| 001 | 000026316 | ||
| 003 | 300 | ||
| 005 | 20150204120000.0 | ||
| 008 | 150204s vm 000 vie | ||
| 020 | |c 0,0000 | ||
| 040 | |a D7 | ||
| 100 | |a Không rõ | ||
| 245 | |a Introduction to Spread Spectrum Communications | ||
| 260 | |b NOTNXB |c 1995 | ||
| OWN | |a LTT | ||
| 999 | |a From the UDN01 | ||
| TYP | |a Monograph | ||
| TYP | |a Printed language | ||
| 980 | |a Mạng thư viện Đại học Đà Nẵng | ||